[Event "Kimry"]
[Site "Kimry"]
[Date "2009.08.25"]
[Round "10"]
[White "Nasybullin, Vladislav"]
[Black "Bivol, Alina"]
[Result "1-0"]
[WhiteElo "2397"]
[BlackElo "1958"]
[PlyCount "77"]
[EventDate "2009.08.21"]
[EventType "tourn"]
[EventRounds "11"]
[EventCountry "RUS"]
[SourceTitle "CBM 132 Extra"]
[Source "ChessBase"]
[SourceDate "2009.11.03"]
[SourceVersion "1"]
[SourceVersionDate "2009.11.03"]
[SourceQuality "1"]

1. c4 c6 2. Nf3 d5 3. e3 Nf6 4. Nc3 g6 5. Be2 Bg7 6. 0-0 0-0 7. d4 Ne4 8. Qb3 Nxc3 9. bxc3 b6 10. a4 Ba6 11. Ba3 Qc7 12. Rfe1 dxc4 13. Bxc4 Bxc4 14. Qxc4 Re8 15. Rad1 Nd7 16. e4 e6 17. h4 Rac8 18. h5 c5 19. hxg6 hxg6 20. d5 exd5 21. exd5 Ne5 22. Nxe5 Bxe5 23. Bc1 Qd6 24. Bg5 Kg7 25. Re4 f6 26. Bc1 Qd7 27. Rde1 Rcd8 28. f4 Bd6 29. Re6 Rh8 30. Qe4 Rh5 31. c4 Rf8 32. Bb2 Qc7 33. Rf1 Rf7 34. Rf3 Rh6 35. g4 Rh4 36. g5 Bxf4 37. Bxf6+ Rxf6 38. gxf6+ Kh6 39. d6 1-0

[Event "Kimry"]
[Site "Kimry"]
[Date "2009.08.25"]
[Round "8"]
[White "Nasybullin, Vladislav"]
[Black "Jarulina, Dinara"]
[Result "1-0"]
[WhiteElo "2397"]
[BlackElo "2163"]
[PlyCount "91"]
[EventDate "2009.08.21"]
[EventType "tourn"]
[EventRounds "11"]
[EventCountry "RUS"]
[SourceTitle "CBM 132 Extra"]
[Source "ChessBase"]
[SourceDate "2009.11.03"]
[SourceVersion "1"]
[SourceVersionDate "2009.11.03"]
[SourceQuality "1"]

1. Nf3 Nf6 2. c4 b6 3. g3 e6 4. Bg2 Bb7 5. 0-0 Be7 6. Nc3 0-0 7. d4 d5 8. Ne5 c6 9. e4 Ba6 10. exd5 exd5 11. b3 Bb4 12. Bb2 Nfd7 13. Qg4 Nf6 14. Qf4 Bd6 15. Qf3 Nfd7 16. Nxc6 Nxc6 17. Qxd5 Ndb8 18. Rfe1 Bb7 19. Qh5 Nd7 20. d5 Nce5 21. Nb5 Bb4 22. Rxe5 Nxe5 23. Qxe5 f6 24. Qe6+ Kh8 25. a3 Re8 26. Qf7 Re7 27. Qh5 Bd6 28. Rd1 a6 29. Nd4 Be5 30. Ne6 Qd6 31. Bxe5 Qxe5 32. Qxe5 fxe5 33. Re1 Rae8 34. Rxe5 Bc8 35. Bh3 Kg8 36. f4 g6 37. Kf2 h6 38. Ke3 Kf7 39. Kd4 Rb7 40. Bg4 Kf6 41. h4 Ra7 42. Bh3 Rae7 43. b4 Rb7 44. c5 bxc5+ 45. Nxc5 Bxh3 46. Rxe8 1-0

[Event "Kimry"]
[Site "Kimry"]
[Date "2009.08.24"]
[Round "7"]
[White "Kiseljova, Marya"]
[Black "Nasybullin, Vladislav"]
[Result "0-1"]
[WhiteElo "2056"]
[BlackElo "2397"]
[PlyCount "104"]
[EventDate "2009.08.21"]
[EventType "tourn"]
[EventRounds "11"]
[EventCountry "RUS"]
[SourceTitle "CBM 132 Extra"]
[Source "ChessBase"]
[SourceDate "2009.11.03"]
[SourceVersion "1"]
[SourceVersionDate "2009.11.03"]
[SourceQuality "1"]

1. d4 Nf6 2. c4 e6 3. g3 d5 4. Nf3 dxc4 5. Bg2 a6 6. 0-0 Nc6 7. a4 Rb8 8. Nc3 Bb4 9. Bf4 0-0 10. Qc2 b5 11. axb5 axb5 12. Rfd1 Nd5 13. Ng5 g6 14. Bc1 Be7 15. Nh3 Bf6 16. e3 Ncb4 17. Qe4 c5 18. dxc5 Qc7 19. Nxd5 exd5 20. Qf4 Be5 21. Qh4 Bxh3 22. Qxh3 Qxc5 23. Bf1 Ra8 24. Rxa8 Rxa8 25. Qd7 Bf6 26. h4 Re8 27. Qg4 Na2 28. Qf3 Be5 29. Qe2 b4 30. Qc2 b3 31. Qd2 h5 32. Kg2 Kg7 33. e4 d4 34. Qh6+ Kg8 35. Qg5 Rc8 36. Bxc4 Qxc4 37. Qxe5 Nxc1 38. Rxd4 Qe6 39. Qg5 Kg7 40. Qe3 Rc2 41. Rd8 Qf6 42. Rd4 Re2 43. e5 Qxe5 44. Qc3 Rc2 45. Qb4 Qc5 46. Qa4 Qc6+ 47. Qxc6 Rxc6 48. Rd1 Rc2 49. Kf3 Ne2 50. Rb1 Kf6 51. Ke3 Kf5 52. f3 Nxg3 0-1

[Event "Kimry"]
[Site "Kimry"]
[Date "2009.08.21"]
[Round "2"]
[White "Nasybullin, Vladislav"]
[Black "Kazennova, Daria"]
[Result "1-0"]
[WhiteElo "2397"]
[BlackElo "1964"]
[PlyCount "115"]
[EventDate "2009.08.21"]
[EventType "tourn"]
[EventRounds "11"]
[EventCountry "RUS"]
[SourceTitle "CBM 132 Extra"]
[Source "ChessBase"]
[SourceDate "2009.11.03"]
[SourceVersion "1"]
[SourceVersionDate "2009.11.03"]
[SourceQuality "1"]

1. Nf3 d5 2. d4 Nf6 3. c4 dxc4 4. e3 e6 5. Bxc4 c5 6. a3 Nc6 7. dxc5 Qxd1+ 8. Kxd1 Bxc5 9. b4 Bd6 10. Bb2 0-0 11. Ke2 b6 12. Rd1 Bc7 13. Nbd2 Bb7 14. Rac1 Rac8 15. Rc2 Ng4 16. Rdc1 Bb8 17. Bb5 Nge5 18. Nxe5 Nxe5 19. f4 Ng4 20. Rxc8 Rxc8 21. Rxc8+ Bxc8 22. h3 Nf6 23. Bc6 Bd7 24. Bb7 Bb5+ 25. Kf3 Ne8 26. e4 Nd6 27. Ba8 Nc4 28. Nxc4 Bxc4 29. e5 a5 30. bxa5 bxa5 31. Ke3 Kf8 32. Bc3 Bc7 33. Kd4 Bf1 34. Kc5 Ke7 35. Be4 Kd7 36. a4 h6 37. h4 Be2 38. Bc6+ Kc8 39. Bb5 Bd1 40. Be8 f6 41. g3 f5 42. Bb5 Bc2 43. Bc4 Bxa4 44. Bxe6+ Kd8 45. Bxf5 Ke7 46. Bd3 Be8 47. f5 a4 48. Kd5 Bh5 49. Bb4+ Kd8 50. Ke6 Bg4 51. Ba6 Bb6 52. Kf7 Bxf5 53. e6 Bg4 54. e7+ Kc7 55. Kxg7 Bd7 56. g4 Be8 57. Kf8 Bg6 58. h5 1-0

[Event "Olympiad-32"]
[Site "Yerevan"]
[Date "1996.09.26"]
[Round "10.3"]
[White "Fridman, Daniel"]
[Black "Nasybullin, Vladislav"]
[Result "1/2-1/2"]
[WhiteElo "2500"]
[BlackElo "2440"]
[PlyCount "85"]
[EventDate "1996.09.15"]
[EventType "team-swiss"]
[EventRounds "14"]
[EventCountry "ARM"]
[SourceTitle "CBM 055"]
[Source "ChessBase"]
[SourceDate "1996.12.01"]
[SourceVersion "1"]
[SourceVersionDate "1996.12.01"]
[SourceQuality "1"]
[WhiteTeam "Latvia"]
[BlackTeam "Kazakhstan"]
[WhiteTeamCountry "LAT"]
[BlackTeamCountry "KAZ"]

1. Nf3 d6 2. d4 Bg4 3. e4 Nf6 4. h3 Bh5 5. Qe2 c6 6. g4 Bg6 7. Nc3 e6 8. h4 h6 9. h5 Bh7 10. g5 hxg5 11. Bxg5 Qa5 12. Bd2 Qb6 13. 0-0-0 Nbd7 14. d5 0-0-0 15. Be3 Qa5 16. dxc6 bxc6 17. Nd4 Nb8 18. Nb3 Qc7 19. Rd4 Nfd7 20. Bh3 Be7 21. Rc4 c5 22. Ra4 a6 23. Rd1 Bf6 24. Qd2 Nb6 25. Nd5 Nxd5 26. exd5 Bf5 27. Bxf5 exf5 28. Qe2 Rde8 29. Na5 f4 30. Qg4+ Qd7 31. Rxf4 Qxg4 32. Rxg4 Rxh5 33. b4 cxb4 34. Rxb4 Bg5 35. Bxg5 Rxg5 36. Rd3 Nd7 37. Rc4+ Nc5 38. Nb3 Rg1+ 39. Kb2 Re4 40. Rcc3 Rb4 41. Ka3 Ra4+ 42. Kb2 Rb4 43. Ka3 1/2-1/2

[Event "Olympiad-32"]
[Site "Yerevan"]
[Date "1996.09.24"]
[Round "8.2"]
[White "Nasybullin, Vladislav"]
[Black "Nikolic, Predrag"]
[Result "0-1"]
[WhiteElo "2440"]
[BlackElo "2670"]
[PlyCount "88"]
[EventDate "1996.09.15"]
[EventType "team-swiss"]
[EventRounds "14"]
[EventCountry "ARM"]
[SourceTitle "CBM 055"]
[Source "ChessBase"]
[SourceDate "1996.12.01"]
[SourceVersion "1"]
[SourceVersionDate "1996.12.01"]
[SourceQuality "1"]
[WhiteTeam "Kazakhstan"]
[BlackTeam "Bosnia&Herzegovina"]
[WhiteTeamCountry "KAZ"]
[BlackTeamCountry "BIH"]

1. e4 e5 2. Nf3 Nc6 3. Nc3 Nf6 4. g3 d5 5. exd5 Nxd5 6. Bg2 Nxc3 7. bxc3 Bd6 8. 0-0 0-0 9. d4 Re8 10. Rb1 Rb8 11. Re1 exd4 12. Nxd4 Nxd4 13. cxd4 b6 14. Be3 Bf5 15. Bc6 Bd7 16. Qf3 Bxc6 17. Qxc6 Re6 18. Bd2 Be5 19. Qa4 Bxd4 20. Rxe6 fxe6 21. Rd1 Bc5 22. Qg4 Qf6 23. Be3 Bxe3 24. fxe3 Rf8 25. Qf4 Rd8 26. Qg4 Rxd1+ 27. Qxd1 h6 28. Qd7 Qe5 29. Kf2 Qd6 30. Qa4 Qd2+ 31. Kf3 Qxh2 32. Qe8+ Kh7 33. Qxe6 Qxc2 34. e4 Qc3+ 35. Kg2 Qb2+ 36. Kh3 Qf6 37. Qe8 c5 38. e5 Qg6 39. Qe7 c4 40. Qxa7 Qh5+ 41. Kg2 Qxe5 42. Qxb6 Qe4+ 43. Kg1 Qe1+ 44. Kg2 Qd2+ 0-1